书目信息 |
| 题名: |
网络、信号与系统
|
|
| 作者: | 张永瑞 编著 | |
| 分册: | ||
| 出版信息: | 西安 西安电子科技大学出版社 1995.06 |
|
| 页数: | 290页 | |
| 开本: | 26cm | |
| 丛书名: | 高等学校电子信息类教材 | |
| 单 册: | ||
| 中图分类: | TN911.6 | |
| 科图分类: | ||
| 主题词: | 通信理论 | |
| 电子资源: | ||
| ISBN: | 7-5606-0382-3 | |
| 000 | 00665nam0 2200217 45 | |
| 001 | 0261805598 | |
| 005 | 2002061017100452 | |
| 010 | @a7-5606-0382-3@dRMB 16.00 | |
| 100 | @a20020610d1995 km y0chiy0120 ea | |
| 101 | 0 | @achi |
| 102 | @aCN@b610000 | |
| 200 | 1 | @a网络、信号与系统@AWang Luo、Xin Hao Yu Xi Tong@f张永瑞等编著@Fzhang yong rui deng bian zhu |
| 210 | @a西安@c西安电子科技大学出版社@d1995.06 | |
| 215 | @a290页@d26cm | |
| 225 | 2 | @a高等学校电子信息类教材 |
| 461 | 0 | @12001 @a高等学校电子信息类教材 |
| 606 | 0 | @a通信理论 |
| 690 | @aTN911.6@v3 | |
| 701 | 0 | @a张永瑞@Azhang yong rui@4编著 |
| 801 | 0 | @aCN@bPFT@c20020610 |
| 905 | @a安徽大学@dTN911.6@eZ2371 | |
| 网络、信号与系统/张永瑞等编著.-西安:西安电子科技大学出版社,1995.06 |
| 290页;26cm.-(高等学校电子信息类教材) |
| ISBN 7-5606-0382-3:RMB 16.00 |
| ● |
| 相关链接 |
|
|
|
正题名:网络、信号与系统
索取号:TN911.6/Z2371
 
预约/预借
| 序号 | 登录号 | 条形码 | 馆藏地/架位号 | 状态 | 备注 |
| 1 | 360074 | 203600745 | 自科库301/404自科库 18排1列2层/ [索取号:TN911.6/Z2371] | 在馆 | |
| 2 | 360075 | 203600754 | 自科库301/301自科库 35排1列2层/ [索取号:TN911.6/Z2371] | 在馆 | |
| 3 | 360076 | 203600763 | 自科库301/301自科库 35排1列2层/ [索取号:TN911.6/Z2371] | 在馆 |